Historia y grafía : revista semestral del Departamento de Historia de la Universidad Iberoamericana : número 8, año 4, 1997 : Marginados, integrados y condenados /
Uloženo v:
| Další autoři: | |
|---|---|
| Médium: | Kniha |
| Jazyk: | španělština |
| Vydáno: |
México :
Universidad Iberoamericana Ciudad de México, Departamento de Historia,
1997
|
| Edice: | (Historia y Grafía ;
8) |
| Témata: | |
| Tagy: |
Žádné tagy, Buďte první, kdo vytvoří štítek k tomuto záznamu!
|
MARC
| LEADER | 00000nam^a2200000^a^4500 | ||
|---|---|---|---|
| 001 | 000630342 | ||
| 005 | 20260413000000.0 | ||
| 009 | 20260413195720.795 | ||
| 022 | |a 1405-0927 | ||
| 037 | |a Acervo ITESO - Biblioteca | ||
| 041 | |a ESP | ||
| 082 | |a 905. |b GRA V. 8 | ||
| 240 | 1 | 1 | |a [Historia y grafía] |
| 245 | 0 | 0 | |a Historia y grafía : |b revista semestral del Departamento de Historia de la Universidad Iberoamericana : número 8, año 4, 1997 : Marginados, integrados y condenados / |c Dir. y presen. de G. Zermeño Padilla. |
| 264 | 1 | |a México : |b Universidad Iberoamericana Ciudad de México, Departamento de Historia, |c 1997 | |
| 300 | |a 291 p. | ||
| 336 | |a texto |b txt |2 rdacontenido | ||
| 337 | |a sin mediación |b n |2 rdamedio | ||
| 338 | |a volumen |b nc |2 rdasoporte | ||
| 440 | 1 | |a (Historia y Grafía ; |v 8) | |
| 567 | |a Catalogación rápida | ||
| 649 | |a XX | ||
| 650 | |a Historia - |x Publicaciones Periódicas Mexicanas - |x Tema Principal | ||
| 650 | |a Publicaciones Periódicas Mexicanas | ||
| 650 | |a Publicaciones Periódicas | ||
| 700 | |a Zermeño Padilla, Guillermo |e (dirección y presentación) | ||
| 910 | |a Fondo Castillo-Martínez | ||
| 920 | |a Impresos - Libros | ||
| 930 | |a Fondos Especiales | ||
| 905 | |a 127 | ||
| 901 | |a 630342-10 |b IT2 |c ESP |i D126277 |u 20260413 | ||
| 902 | |a https://opac.biblio.iteso.mx/vufind/Record/000630342 | ||